| 000 | 00000nam##2200000za#4500 |
| 001 | 9.700265 |
| 003 | CaOODSP |
| 005 | 20210625000746 |
| 007 | cr ||||||||||| |
| 008 | 150407|2015||||xxc|||||o f|0| 0 eng|d |
| 040 | |aCaOODSP|beng |
| 043 | |an-cn--- |
| 086 | 1 |aYN5-74/2015E-PDF |
| 110 | 1 |aCanada. |bOffice of the Parliamentary Budget Officer. |
| 245 | 10|aFiscal impacts of lower oil prices / |h[electronic resource]|cprepared by: Scott Cameron, Helen Lao and Chris Matier. |
| 260 | |aOttawa - Ontario : |bOffice of the Parliamentary Budget Officer |cJanuary 27, 2015. |
| 300 | |a8p.|btables |
| 590 | |a15-05|b2015-01-30 |
| 690 | 07|aFiscal issues|2gcpds |
| 690 | 07|aPetroleum industry|2gcpds |
| 775 | 08|tIncidences financières de la baisse des prix du pétrole / |w(CaOODSP)9.644164 |
| 856 | 40|ahttp://publications.gc.ca|qPDF|s230 KB|uhttps://publications.gc.ca/collections/collection_2015/dpb-pbo/YN5-74-2015-eng.pdf |